Normal view
MARC view
- Chan, Daniel W. M.
Entry Personal Name
001 - CONTROL NUMBER
- control field: 25305
003 - CONTROL NUMBER IDENTIFIER
- control field: NUST
005 - DATE AND TIME OF LATEST TRANSACTION
- control field: 20191106145508.0
008 - FIXED-LENGTH DATA ELEMENTS
- fixed length control field: 191106|| aca||aabn | a|a d
040 ## - CATALOGING SOURCE
- Original cataloging agency: NUST
- Transcribing agency: NUST
100 ## - HEADING--PERSONAL NAME
- Personal name: Chan, Daniel W. M.
670 ## - SOURCE DATA FOUND
- Source citation: Work cat.: (NUST)0: Chan, Albert P. C. 25301, Relational contracting for construction excellence :, 2010.
